| 000 | 00504nam a2200181Ia 4500 | ||
|---|---|---|---|
| 003 | OSt | ||
| 005 | 20200703122413.0 | ||
| 008 | 190216s9999||||xx |||||||||||||| ||und|| | ||
| 020 | _a0333327128 | ||
| 040 | _coclc | ||
| 082 |
_a940.232 _bMAL/E |
||
| 100 |
_aMaland, David _93510 |
||
| 245 | 0 |
_aEurope In The Sixteenth Century / _cDavid Maland |
|
| 250 | _a2nd Ed. | ||
| 260 |
_bMacmillan, _c1982. _aLondon: |
||
| 300 | _a443p | ||
| 942 |
_cBK _2ddc _h940.232 _iMAL/E _k940.232 _mMAL/E |
||
| 999 |
_c19958 _d19958 |
||